000
00272nam a22001097a 4500
008
170123b xxu||||| |||| 00| 0 eng d
020
_a
9780323053457
041
_a
eng
080
_2
9TH
_a
618.2
245
_a
DIAGNOSTIC AND LABORATORY TEST REFERENCE
_c
PAGANA
942
_2
udc
_c
BK
999
_c
3366
_d
3366